000 00730na a2200241 4500
001 20280
003 MIRAKIL
005 20181213155100.0
008 170117b tu 000 0
020 _a9789757427810
040 _aMilas
_btur
_cTR-AnCHP
041 _atur
082 _a342.02643
_bB57 2016
090 _a342.02643 B57 2016
245 _aBireysel başvuru
_bseçme kararlar 2015
_cAnayasa Mahkemesi
246 _aSeçme kararlar 2015
260 _aAnkara
_bAnayasa Mahkemesi Yayınları
_c2016
300 _axiii, 1330 s.
_c25 sm.
610 _aAnayasa Mahkemesi
_xBireysel başvuru hakkı
_yKararlar
650 _aAnayasa hukuku
_xBireysel başvuru
_yKararlar
710 _aAnayasa Mahkemesi
942 _2ddc
_cBKS
999 _c6228
_d6228